000 01139nam a22002657a 4500
001 BD-DhSAU 8530
003 BD-DhSAU
005 20181224112025.0
008 150420b2012 bg ||||| m||| 000 0 eng d
040 _aBD-DhSAU
082 _222
_a...
_b...
100 _aAtikunnaher, Mst
_eRegistration # 10-04213
245 _aGenetic studies on yield & yield contributing characters in f2 diallel population of Brassica napus L./
_bMS thesis
_cMst Atikunnaher
260 _aSher-e-Bangla Agricultural Universities :
_bDepartment of Genetics and Plant Breeding,
_c2012.
300 _avii, 101 p. ;
_c30 cm.
_bill. ;
500 _aMS thesis of Department of Genetics and Plant Breeding, Faculty of Agriculture, Sher-e-Bangla Agricultural University, Dhaka, Bangladesh
590 _aerfat
650 _aGenetics and Plant Breeding.
651 _aGenetic studies on yield & yield contributing characters
651 _aBrassica rapa /
700 _aMahmud, Firoz
_eSuperviser
700 _a Mia, Abu Akbar
_eCo-superviser
856 _uhttp://archive.saulibrary.edu.bd:8080/xmlui/handle/123456789/2094
942 _2ddc
_cTHESIS
999 _c8530
_d8530